LEADER 01300nam a2200289 u 4500 001 000000004202 003 CaOOAMICUS 005 20070226104627.0 008 941010s1938 it a u000 u ita u 035 $a10110555 040 $aPUL(R)$bita 100 1 $aParibeni, Roberto,$d1876-1956.$0(OLS)http://pul/name/4345 245 12$aL'Italia imperiale da Ottaviano a Teodosio /$cRoberto Paribeni .. 260 $aMilano :$bMondadori,$c1938. 300 $a741 p. :$billus. plates (part. col.), ports., maps (part. folded), plans (1 folded), facsims., genealogy tables ;$c27 cm 490 1 $aStoria d'Italia (Mondadori) ;$v2. 504 $a"Bibliografia" p. 659-683. 651 4$aRoma$xStoria$yImpero, 30 a.C.-476 d.C.$0(OLS)http://pul/subject/3553 651 0$aItaly$xHistory$yTo 476.$2//eng$0(OLS)http://pul/subject/3554 651 0$aItaly$xAntiquities.$2//eng$0(OLS)http://pul/subject/3555 830 0$aStoria d'Italia (Mondadori) ;$v2.$0(OLS)http://pul/title/6087 850 $aPUL 852 $aPUL$W1$xDP2 Filosofia 1$y62$m117 G 28$j5909$nBK-PRI$b $qStampati$B5909$CPULBib$Z2$F5909 $81 941 1 $a8 961 $aINV: 14998 996 $6245$aL'Italia imperiale da Ottaviano a Teodosio$9(OLS)http://pul/title/6086 996 $6260$aMilano :$bMondadori$9(OLS)http://pul/publisher/50297 LEADER 01506nam a2200325 u 4500 001 000000014984 003 CaOOAMICUS 005 20070226105828.0 008 940517s1931 it c u000 u ita u 035 $a10352019 040 $aMSA$bita 041 1 $aita$hnor 100 1 $aBjörnson, Björnstjerne,$d1832-1910.$0(OLS)http://pul/name/13829 240 10$aOver aevne.$lItaliano.$0(OLS)http://pul/title/21499 245 10$aAl di là delle nostre forze; Quando fiorisce il vino nuovo /$cBjörnstjerne Björnson ; a cura di Ervinio Pocar. 246 30$aQuando fiorisce il vino nuovo 260 $aTorino :$bUTET,$c1931. 300 $a279 p. :$bant. (ritr.) ;$c18 cm 490 1 $aI grandi scrittori stranieri , ;$v5 500 $aIntroduzione di E. Pocar. 600 14$aBj?rnson, Bj?rnstjerne,$d1832-1910.$0(OLS)http://pul/subject/10442 650 4$aLetteratura norvegese$ySec. XIX-XX.$0(OLS)http://pul/subject/10443 700 1 $aPocar, Ervino,$d1892-1981.$0(OLS)http://pul/name/13830 830 2$aI grandi scrittori stranieri ;$v5.$0(OLS)http://pul/title/11459 850 $aPUL 852 $aPUL$W1$xDP1 Fondo Cecchetti$y53$m293 B 45$j21006$nBK-PRI$b $qFondi$B21006$CPULBib$Z2$F21006 $HPUL3249 $81 941 1 $a1 996 $6245$aAl di là delle nostre forze; Quando fiorisce il vino nuovo$9(OLS)http://pul/title/21500 996 $6246$aQuando fiorisce il vino nuovo$9(OLS)http://pul/title/21501 996 $6260$aTorino :$bUTET$9(OLS)http://pul/publisher/48088